Achilova päta v útoku rozhovor kola s Jozefom Jankechom, trénerom ZTS Dubnica

Bibliographic Details
Main Authors: Hlaváček, Stanislav (ain), Jankech, Jozef, 1937- (Author, uin)
Format: Article
Language:Slovak
PhysicalDescription:Fotogr.
ISSN:0139-7001
Subjects:

MARC

LEADER 00000nab a2200000 a 4500
001 vtls000855214
003 SK-MaSNL
005 20260302171152.0
008 160322c2003 xo 0 slo
015 |a SNBRB2003/12-35083 
035 |a CLN000206869 
040 |a SNKBUCL  |b slo  |c SNKBUCL  |e AACR2 
041 0 |a slo 
044 |a xo  |c SK 
080 |a 796.322.071.4  |2 UDC-MRF-SK2 
100 1 |a Hlaváček, Stanislav  |4 ain  |9 513606 
245 1 0 |a Achilova päta v útoku  |b rozhovor kola s Jozefom Jankechom, trénerom ZTS Dubnica  |c [zhováral sa] Stanislav Hlaváček 
300 |b Fotogr. 
600 1 7 |a Jankech, Jozef,  |d 1937-  |2 snkbucl  |9 838730 
655 7 |a články z novín a časopisov  |2 snkbucl  |9 267496 
700 1 |a Jankech, Jozef,  |d 1937-  |4 aut  |4 uin  |9 838730 
773 0 |x 0139-7001  |t Šport  |g Roč. 57, č. 270 (25.11.2003), s. 6 
850 |a Slovenská národná knižnica v Martine 
852 |a SNK  |b KIS3GCP 
958 |a BX 
958 |a RBX 
999 |c 1394871  |d 1396801